BIM, cost management, and integrated software solutions (Record no. 84139)

MARC details
000 -LEADER
fixed length control field 00628cab a22001935a 4500
001 - CONTROL NUMBER
control field L156750
008 - FIXED-LENGTH DATA ELEMENTS--GENERAL INFORMATION
fixed length control field 120710s2012 xxk 000 0 eng d
035 ## - SYSTEM CONTROL NUMBER
System control number (Sirsi) u156750
041 0# - LANGUAGE CODE
Language code of text/sound track or separate title eng
100 1# - MAIN ENTRY--PERSONAL NAME
Personal name Cameron, Iain
245 00 - TITLE STATEMENT
Title BIM, cost management, and integrated software solutions
260 ## - PUBLICATION, DISTRIBUTION, ETC.
Date of publication, distribution, etc. 2012
490 ## - SERIES STATEMENT
Series statement Project Control Professional
Volume/sequential designation 50(4) July 2012, 11-14(4)
520 ## - SUMMARY, ETC.
Summary, etc. Explains what is meant by BIM and integrated software solutions; project management; implementation and critical success factors; applications.
590 ## - LOCAL NOTE (RLIN)
Local note KA
651 #4 - SUBJECT ADDED ENTRY--GEOGRAPHIC NAME
Geographic name International
690 ## - LOCAL SUBJECT ADDED ENTRY--TOPICAL TERM (OCLC, RLIN)
Topical term or geographic name as entry element BIM
9 (RLIN) 6219
942 ## - ADDED ENTRY ELEMENTS (KOHA)
Suppress in OPAC 0
Holdings
Withdrawn status Lost status Source of classification or shelving scheme Damaged status Not for loan Home library Current library Shelving location Date acquired Total Checkouts Full call number Barcode Date last seen Copy number Price effective from Koha item type
    Dewey Decimal Classification     London London Journal article 10/07/2012   L156750 156750-1001 06/08/2019 1 06/08/2019 Journal article